Statistics for Bestselling Chocolate Bars in America

Click here to take the quiz!

General Stats

  • This quiz has been taken 69 times
  • The average score is 4 of 10

Answer Stats

#Name% Correct
1Snickers
73%
10Kit Kat
65%
7Mars
63%
8Milky Way
61%
4Hershey's
58%
5Butterfinger
35%
6Baby Ruth
29%
3Cadbury
18%
2Toblerone
13%
9Musketeers
6%

Score Distribution

Percentile by Number Answered

Percent of People with Each Score

Your Score History

You have not taken this quiz